Dimensiones de la cultura literaria en México, 1800-1850 : modelos de sociabilidad, materialidades, géneros y tradiciones intelectuales /

Enregistré dans:
Détails bibliographiques
Auteur principal: Martínez Luna, Esther (coordinación)
Autres auteurs: Graue Wiechers, Enrique (presentación) (presentación), Quijano Velasco, Mónica (presentación) (presentación)
Format: Livre
Langue:espagnol
Publié: México : UNAM, Coordinación de Humanidades, 2018, c2018
Collection:(Historia de las Literaturas en México. Siglos XIX y XX)
Sujets:
Tags: Ajouter un tag
Pas de tags, Soyez le premier à ajouter un tag!

MARC

LEADER 00000nam^a2200000^a^4500
001 000555958
005 20250521000000.0
009 20260310131729.891
020 |a 978-607-30-0844-0 
020 |a 978-607-30-0843-3 
037 |a Acervo ITESO - Biblioteca 
041 |a ESP 
082 |a 860. 97204  |b MAR 
100 |a Martínez Luna, Esther  |e (coordinación) 
245 1 0 |a Dimensiones de la cultura literaria en México, 1800-1850 :  |b modelos de sociabilidad, materialidades, géneros y tradiciones intelectuales /  |c Coord. e introd. de E. Martínez Luna ; presen. de E. Graue Wiechers, M. Quijano Velasco ; pról. de Domingo Alberto Vital Díaz... [et al.]. 
264 4 |a México :  |b UNAM, Coordinación de Humanidades,  |c 2018, c2018 
300 |a XXXVI, 508 p. 
336 |a texto  |b txt  |2 rdacontenido 
337 |a sin mediación  |b n  |2 rdamedio 
338 |a volumen  |b nc  |2 rdasoporte 
440 1 |a (Historia de las Literaturas en México.  |p Siglos XIX y XX) 
649 |a XX 
650 |a Libros Condenados y/o Prohibidos -  |z México -  |x Historia -  |y Siglo XIX 
650 |a Medios Impresos -  |z México -  |x Historia -  |y Siglo XIX 
650 |a Bibliotecas Privadas -  |z México -  |x Historia -  |y Siglo XIX 
650 |a Literatura Mexicana -  |y Siglo XIX 
650 |a Literatura Mexicana -  |x Historia y Crítica -  |x Tema Principal 
650 |a Literatura Infantil -  |z México -  |x Historia y Crítica 
650 |a Literatura e Historia -  |z México -  |x Historia y Crítica 
650 |a Literatura y Sociedad -  |z México -  |x Historia y Crítica 
650 |a Literatura -  |x Historia y Crítica 
650 |a México -  |x Historia -  |y Siglo XIX 
700 |a Graue Wiechers, Enrique  |e (presentación) 
700 |a Quijano Velasco, Mónica  |e (presentación) 
910 |a Fondo General 
920 |a Impresos - Libros 
930 |a Colección General 
940 |a Literatura 
905 |a 101 
901 |a 0500368690  |b IT1  |c LIT  |i C179623  |u 20250521 
902 |a https://opac.biblio.iteso.mx/vufind/Record/000555958